00319nam a2200133Ia 45000030006000000080041000060400015000471000029000622450028000912600033001193000006001525460010001580050017001680STCL150530s9999 xx 000 0 und d aSTCLcSTCL aKisharidas Vajpey Sastri aBraj Bhasha Ka Vyakaran bRam Narain Lal; Prayagc1958 a0 aHindi20220125171317.0